Thermodynamics (Record no. 1284)

000 -LEADER
fixed length control field 00633nam a22002294a 4500
001 - CONTROL NUMBER
control field 1284
003 - CONTROL NUMBER IDENTIFIER
control field BD-DhUET
008 - FIXED-LENGTH DATA ELEMENTS--GENERAL INFORMATION
fixed length control field 010119s2002 maua 001 0 eng
020 ## - INTERNATIONAL STANDARD BOOK NUMBER
International Standard Book Number 0070606595
040 ## - CATALOGING SOURCE
Original cataloging agency DLC
Transcribing agency DLC
Modifying agency BD-DhUET
082 00 - DEWEY DECIMAL CLASSIFICATION NUMBER
Classification number 621.01
Item number CEN/2006
100 1# - MAIN ENTRY--PERSONAL NAME
Personal name Çengel, Yunus A.
245 10 - TITLE STATEMENT
Title Thermodynamics
Remainder of title an engineering approach
250 ## - EDITION STATEMENT
Edition statement 5th ed.
260 ## - PUBLICATION, DISTRIBUTION, ETC. (IMPRINT)
Place of publication, distribution, etc. New Delhi
Name of publisher, distributor, etc. Tata McGraw-Hill
Date of publication, distribution, etc. 2006
300 ## - PHYSICAL DESCRIPTION
Extent xxxii, 946p.
Other physical details ill.
490 1# - SERIES STATEMENT
Series statement McGraw-Hill series in mechanical engineering
504 ## - BIBLIOGRAPHY, ETC. NOTE
Bibliography, etc Includes bibliographies

650 #0 - SUBJECT ADDED ENTRY--TOPICAL TERM
Topical term or geographic name as entry element Thermodynamics
700 1# - ADDED ENTRY--PERSONAL NAME
Personal name Boles, Michael A.
942 ## - ADDED ENTRY ELEMENTS (KOHA)
Koha item type General Book
Holdings
Piece designation (barcode) Withdrawn status Date acquired Damaged status Lost status Copy number Koha item type Koha full call number Koha normalized classification for sorting Sublocation or collection (holding branch) Koha issues (times borrowed) Source of classification or shelving scheme Price effective from Location (home branch) Not for loan Koha date last seen Koha out on loan Koha date last borrowed Shelving location
103975 2014-09-02  1General Book621.01/CEN/2006621_000000000000000_01CEN2006Central Library, BUET10 2014-09-02Central Library, BUET 2026-04-222026-05-062026-04-22Circulation section
103976 2014-09-02  2General Book621.01/CEN/2006621_000000000000000_01CEN2006Central Library, BUET11 2014-09-02Central Library, BUET 2018-11-052018-11-192018-11-05Circulation section
103977 2014-09-23  3General Book621.01/CEN/2006621_000000000000000_01CEN2006Central Library, BUET3 2014-09-23Central Library, BUET 2016-03-012017-03-012016-03-01Circulation section
103978 2015-09-07  4General Book621.01/CEN/2006621_010000000000000_CEN_2006Central Library, BUET23 2015-09-07Central Library, BUET 2026-03-302026-04-132026-03-30Circulation section